| 000 | 00374nam a22001457a 4500 | ||
|---|---|---|---|
| 005 | 20180308121211.0 | ||
| 008 | 170726b xxu||||| |||| 00| 0 eng d | ||
| 022 | _a00000051 | ||
| 040 | _cPK-LaUMT | ||
| 082 |
_aZIAC 297.05 _bISL- |
||
| 245 | _aIslamic studies(Vol - 52 No. 2)/ | ||
| 260 |
_aIslamabad: _bIslamic Research Institute, _c2013 |
||
| 300 | _a174 p. | ||
| 942 | _cBK | ||
| 999 |
_c95730 _d95730 |
||